| 000 -LEADER |
| fixed length control field |
00476nam a22001457a 4500 |
| 008 - FIXED-LENGTH DATA ELEMENTS--GENERAL INFORMATION |
| fixed length control field |
230306b ||||| |||| 00| 0 eng d |
| 100 ## - MAIN ENTRY--PERSONAL NAME |
| Personal name |
Gupta, A., Paikra, V.K. and Sharma, K. |
| 245 ## - TITLE STATEMENT |
| Title |
Social disadvantage and child mortality in India: 1993-2019 |
| 260 ## - PUBLICATION, DISTRIBUTION, ETC. (IMPRINT) |
| Place of publication, distribution, etc |
Social Scientist |
| 300 ## - PHYSICAL DESCRIPTION |
| Extent |
50(9-10), Sep, Oct, 2022: p.83-92 |
| 650 ## - SUBJECT ADDED ENTRY--TOPICAL TERM |
| Topical term or geographic name as entry element |
Social disadvantage, Child mortality |
| 9 (RLIN) |
38237 |
| 773 ## - HOST ITEM ENTRY |
| Main entry heading |
Social Scientist |
| 906 ## - LOCAL DATA ELEMENT F, LDF (RLIN) |
| Subject DIP |
CHILD WELFARE |
| 942 ## - ADDED ENTRY ELEMENTS (KOHA) |
| Item type |
Articles |